000 00598nam a2200229 a 4500
001 nice12345678
003 IN_TiNIC
005 20260116014646.0
008 080402s2006 lona grp 000 0 eng
020 _a0195680162
_c525
082 0 0 _a297.0954
_bROY
100 _aRoy, Asim
245 _aIslam in History and Politics
_b Perspectives from South Asia
260 _aLondan
_bOxford University Press
_c2006
300 _a224p
500 _aincludes index and biblioraphy
650 _aIslam-South Asia
700 1 _aRoy, Asim
902 _bSRS
942 _cBK
999 _c16392
_d16392